Finančná gramotnosť vo vzdelávaní dospelých a seniorov

Definícia finančnej gramotnosti a finančne gramotného a negramotného človeka. Problematika finančnej gramotnosti obyvateľov Slovenska. Sylabus programu Občiansky rozpočet. Vzdelávanie seniorov vo finančnej gramotnosti a zisťovanie vedomostí z finančnej gramotnosti v skupine seniorov. Prezentácia výs...

Ausführliche Beschreibung

Gespeichert in:
Bibliographische Detailangaben
1. Verfasser: Matúšová, Silvia
Format: Buchkapitel
Sprache:Slowakisch
Schlagworte:
Tags: Tag hinzufügen
Keine Tags, Fügen Sie das erste Tag hinzu!

MARC

LEADER 00000naa a2200000 4500
001 0271956
005 20210319135837.5
041 0 |a slo 
044 |a SK 
245 1 0 |a Finančná gramotnosť vo vzdelávaní dospelých a seniorov  |c Silvia Matúšová 
520 |a Definícia finančnej gramotnosti a finančne gramotného a negramotného človeka. Problematika finančnej gramotnosti obyvateľov Slovenska. Sylabus programu Občiansky rozpočet. Vzdelávanie seniorov vo finančnej gramotnosti a zisťovanie vedomostí z finančnej gramotnosti v skupine seniorov. Prezentácia výsledkov zisťovania vedomostí a postojov seniorov v oblasti finančnej gramotnosti. 
610 2 0 |a gramotnosť finančná 
610 2 0 |a seniori 
610 2 0 |a vzdelávanie 
610 2 0 |a Slovensko 
100 1 |a Matúšová, Silvia